LIBRARY ONLINE CATALOGUE

Cyber laws : (Record no. 8632)

MARC details
000 -LEADER
fixed length control field 00809cam a22002292 4500
001 - CONTROL NUMBER
control field 0000018729
005 - DATE AND TIME OF LATEST TRANSACTION
control field 20151217152133.0
008 - FIXED-LENGTH DATA ELEMENTS--GENERAL INFORMATION
fixed length control field 100610s xx 000 0 eng d
020 ## - INTERNATIONAL STANDARD BOOK NUMBER
International Standard Book Number 8175348318 :
040 ## - CATALOGING SOURCE
Original cataloging agency KABU
Transcribing agency KABU
100 1# - MAIN ENTRY--PERSONAL NAME
Personal name Singh, Justice Yatindra.
-- 0000178072
245 10 - TITLE STATEMENT
Title Cyber laws :
Remainder of title a guide to cyber laws, information technology, computer software ... /
Statement of responsibility, etc. Justice Yatindra Singh.
250 ## - EDITION STATEMENT
Edition statement 4th ed.
260 ## - PUBLICATION, DISTRIBUTION, ETC. (IMPRINT)
Place of publication, distribution, etc. Delhi :
Name of publisher, distributor, etc. Universal law,
Date of publication, distribution, etc. 2007.
300 ## - PHYSICAL DESCRIPTION
Extent xxxv, 430 p.
650 #0 - SUBJECT ADDED ENTRY--TOPICAL TERM
Topical term or geographic name as entry element Internet
General subdivision Law and legislation
Geographic subdivision India.
-- 0000178073
650 #0 - SUBJECT ADDED ENTRY--TOPICAL TERM
Topical term or geographic name as entry element Electronic Commerce
General subdivision Law and legislation
Geographic subdivision India.
-- 0000178074
650 #0 - SUBJECT ADDED ENTRY--TOPICAL TERM
Topical term or geographic name as entry element Intellectual property
Geographic subdivision India.
-- 0000178075
852 1# - LOCATION
-- p720 KES
908 ## - PUT COMMAND PARAMETER (RLIN)
Put command parameter 100610
950 ## - LOCAL HOLDINGS (RLIN)
-- 1
Holdings
Withdrawn status Lost status Source of classification or shelving scheme Not for loan Home library Current library Date acquired Total Checkouts Full call number Barcode Date last seen Date last checked out Price effective from Koha item type
    Library of Congress Classification   Kabarak, Main Campus Kabarak, Main Campus 17/12/2015 1 KNS80 .C65S56 2007 c. 1 24936 09/08/2016 08/07/2016 17/12/2015 General Collection